Countries With No Rivers - Statistics

General Stats
  • This quiz has been taken 76,188 times
    76,010 since last reset
  • The average score is 11 of 17
Answer Stats
Continent Country % Correct
Europe Vatican City
85%
Europe Monaco
77%
Asia Saudi Arabia
75%
Asia Oman
74%
Asia Qatar
74%
Asia Yemen
74%
Oceania Nauru
72%
Asia Bahrain
71%
Asia United Arab Emirates
71%
Oceania Tuvalu
70%
Asia Kuwait
68%
Oceania Kiribati
62%
Europe Malta
62%
Oceania Marshall Islands
60%
North America Bahamas
47%
Africa Comoros
44%
Asia Maldives
42%
No matching quizzes found
Score Distribution
Percent of People with Each Score
Percentile by Number Answered
Your Score History
You have not taken this quiz since the last reset